| 000 | 01106nam a2200337Ia 4500 | ||
|---|---|---|---|
| 003 | GCL | ||
| 005 | 20240530102954.0 | ||
| 008 | 140319s9999 xx 000 0 ara d | ||
| 040 |
_aGCL / _cGCL |
||
| 082 | 0 | 4 |
_a810.9 _bف ت |
| 100 | 0 | _aفؤاد سزكين | |
| 245 | 1 | 0 |
_aتاريخ التراث العربى / _cفؤاد سزكين |
| 260 |
_a[S.N] : _bادارة الثقافة والنشر بالجامعة ، _c1983 |
||
| 300 |
_a506 ص. ؛ _c24 سم. |
||
| 650 | 0 | 4 | _aالفقه |
| 650 | 0 | 4 | _aالتراث |
| 650 | 0 | 4 | _aالعقائد الاسلامية |
| 650 | 0 | 4 | _aالتصوف |
| 650 | 0 | 4 | _aاللغة العربية |
| 650 | 0 | 4 | _aالكيمياء |
| 650 | 0 | 4 | _aالشعر |
| 650 | 0 | 4 | _aعلوم القران |
| 650 | 0 | 4 | _aالمخطوطات العربية |
| 650 | 0 | 4 | _aالببليوجرافيات المتخصصة |
| 650 | 0 | 4 | _aالتأريخ |
| 650 | 0 | 4 | _aالحديث - فهارس |
| 700 | 1 |
_aمحمود فهمى حجازى _eمترجم |
|
| 710 |
_aعرفة مصطفى _eمراجع |
||
| 710 |
_aسعيد عبدالرحيم _eمراجع |
||
| 942 |
_2ddc _cBK |
||
| 999 |
_c35796 _d35796 |
||